000
00345nam a2200145Ia 4500
008
231217s9999 xx 000 0 und d
041
_a
English
082
_a
658.076 CHO;1 `R1'
100
_a
Chopra, Ravi
245
0
_a
CAT: Common admission test for IIM
260
_c
1999
_b
Galgotia
300
_a
D-8
650
_a
CATIIM
942
_c
AA
999
_c
166735
_d
166735